书目信息 |
| 题名: |
银河系
|
|
| 作者: | 翁士达 著 | |
| 分册: | ||
| 出版信息: | 北京 北京人民出版社 1975 |
|
| 页数: | 43页 | |
| 开本: | 19cm | |
| 丛书名: | 自然科学小丛书 | |
| 单 册: | ||
| 中图分类: | P156-49 | |
| 科图分类: | ||
| 主题词: | 银河系--普及读物 | |
| 电子资源: | ||
| ISBN: | 13071.35 | |
| 000 | 00663oam2 2200253 450 | |
| 001 | 0175002938 | |
| 005 | 20100712215032.0 | |
| 010 | @a13071.35@dCNY0.17 | |
| 091 | @a13071.35@d¥0.17 | |
| 100 | @a19951017d1975 em y0chiy0110 ea | |
| 101 | 0 | @achi |
| 102 | @aCN@b110000 | |
| 105 | @ay z 000yy | |
| 106 | @ar | |
| 200 | 1 | @a银河系@9Yin He Xi;Ji @f翁士达著 |
| 210 | @a北京@c北京人民出版社@d1975 | |
| 215 | @a43页@d19cm | |
| 225 | 2 | @a自然科学小丛书 |
| 461 | 0 | @12001 @a自然科学小丛书 |
| 606 | 0 | @a银河系@x普及读物 |
| 690 | @aP156-49@v3 | |
| 701 | 0 | @a翁士达@9weng shi da@4著 |
| 801 | 0 | @aCN@b91MARC@c20130904 |
| 905 | @aBZT@dP156-49@e1@f1@sP156-49/1 | |
| 银河系/翁士达著.-北京:北京人民出版社,1975 |
| 43页;19cm.-(自然科学小丛书) |
| ISBN 13071.35:CNY0.17 |
| ● |
| 相关链接 |
|
|
|
正题名:银河系
索取号:P156-49/1
 
预约/预借
| 序号 | 登录号 | 条形码 | 馆藏地/架位号 | 状态 | 备注 |
| 1 | 2000095218 | 2000095218 | 旧书回溯/ [索取号:P156-49/1] | 在馆 |